Normal view
MARC view
- Jalandhari, Dr Rasheed ahmed
Entry Personal Name
001 - CONTROL NUMBER
- control field: 109469
003 - CONTROL NUMBER IDENTIFIER
- control field: NUST
005 - DATE AND TIME OF LATEST TRANSACTION
- control field: 20230222122631.0
008 - FIXED-LENGTH DATA ELEMENTS
- fixed length control field: 230222|| aca||aabn | a|a d
040 ## - CATALOGING SOURCE
- Original cataloging agency: NUST
- Transcribing agency: NUST
100 ## - HEADING--PERSONAL NAME
- Personal name: Jalandhari, Dr Rasheed ahmed
670 ## - SOURCE DATA FOUND
- Source citation: Work cat.: (NUST)187994: Jalandhari, Dr Rasheed ahmed , Darul Uloom Deoband (Jild-1) /
